Statistics for Guess the Super Mario Characters #1

Click here to take the quiz!

General Stats

  • This quiz has been taken 10 times
  • The average score is 7 of 10

Answer Stats

Answer% Correct
Bowser
100%
LuigI
100%
Mario
100%
Peach
100%
Yoshi
75%
Toad
63%
Koopa Troopa
50%
Donkey Kong
38%
Goomba
38%
Spike
0%

Score Distribution

Percentile by Number Answered

Percent of People with Each Score

Your Score History

You have not taken this quiz